Normal view
MARC view
Entry Personal Name
001 - CONTROL NUMBER
- control field: 89149
003 - CONTROL NUMBER IDENTIFIER
- control field: dpl
005 - DATE AND TIME OF LATEST TRANSACTION
- control field: 20260519121109.0
008 - FIXED-LENGTH DATA ELEMENTS
- fixed length control field: 260519|| aca||aabn | a|a d
040 ## - CATALOGING SOURCE
- Original cataloging agency: dpl
- Transcribing agency: dpl
100 ## - HEADING--PERSONAL NAME
- Personal name: Cotterell, Mike
670 ## - SOURCE DATA FOUND
- Source citation: Work cat.: (dpl)216270: Hughes, Bob 813, Software Project Management/, 2026
